| Tag |
First Indicator |
Second Indicator |
Subfields |
| LEADER |
00000cam a2200000 a 4500 |
| 001 |
in00000035052 |
| 005 |
20151007055250.0 |
| 008 |
870413s1988 enka b 00100 eng |
| 010 |
|
|
|a 87009120
|
| 020 |
|
|
|a 1851661026
|
| 035 |
|
|
|a (OCoLC)15593893
|
| 035 |
|
|
|9 AAB7733AM
|
| 040 |
|
|
|a DLC
|c DLC
|d TXA
|d UtOrBLW
|
| 049 |
|
|
|a TXAM
|c [A11505939]
|
| 050 |
0 |
0 |
|a TP359.B48
|b M48 1988
|
| 082 |
0 |
|
|a 665.8/9
|2 19
|
| 245 |
0 |
0 |
|a Methane from biomass :
|b a systems approach /
|c edited by Wayne H. Smith and James R. Frank ; with foreword by Philip H. Abelson.
|
| 264 |
|
1 |
|a London ;
|a New York :
|b Elsevier Applied Science,
|c [1988]
|
| 264 |
|
4 |
|c ©1988
|
| 300 |
|
|
|a xxvi, 500 pages :
|b illustrations ;
|c 23 cm.
|
| 336 |
|
|
|a text
|b txt
|2 rdacontent
|
| 337 |
|
|
|a unmediated
|b n
|2 rdamedia
|
| 338 |
|
|
|a volume
|b nc
|2 rdacarrier
|
| 504 |
|
|
|a Bibliography: pages 465-483.
|
| 500 |
|
|
|a Includes index.
|
| 650 |
|
0 |
|a Biogas.
|
| 700 |
1 |
|
|a Smith, Wayne H.
|
| 700 |
1 |
|
|a Frank, James R.
|
| 999 |
|
|
|a MARS
|
| 999 |
f |
f |
|s c041db87-dbf2-3c8c-aa76-d164e69f26d9
|i eb16087d-7587-3fb3-95f5-5e47862d2389
|t 0
|
| 952 |
f |
f |
|p ric
|a Texas A&M University
|b Rellis Campus
|c Joint Library Facility
|d Remote Storage
|t 0
|e TP359.B48 M48 1988
|h Library of Congress classification
|i unmediated -- volume
|m A14811505939
|
| 998 |
f |
f |
|a TP359.B48 M48 1988
|t 0
|l Remote Storage
|